00437nam a2200121Ia 4500008004100000024004700041082001600088100005600104245007000160260002600230600002100256650003800277260210s9999 xx 000 0 und d a09B-009-BS, 09B-004-BS & 09B-23-BS a004.072 TAH aTaha Abid Ibrahim, Usama Kamal & Shumaila Zahid 0aSoftware Cost Estimation Tool for Pakistan Software Houses (SCET) aKarachi:bUITU,c2009 aComputer Science aBachelor of Computer Science (BS)